000 00727nam a2200253Ia 4500
008 220216s9999 xx 000 0 und d
100 _aCastillo J
245 0 _aEvaluation of some clones (Hevea brasiliensis) in a small scale trial in the Northern part of Guatemala
260 _bIRRDB Natural Rubber Conference 2008, 13-15 October 2008, Kuala Lumpur, Malaysia: Abstract of papers
650 _aClone
650 _aGirth
650 _aLatex physiology
650 _aSmall scale trial
650 _aYield
700 _aAnleu J
700 _aArmas G
700 _aChapuset T
700 _aLacote R
700 _aNajera C
700 _aPalencia C
700 _aRivano F
856 _uAbst only
942 _cJS
999 _c59005
_d59005